Croatian Counties Flags - Statistics

General Stats
  • This quiz has been taken 95 times
  • The average score is 10 of 21
Answer Stats
Picture Answer % Correct
Istarska
95%
Grad Zagreb
80%
Zadarska
75%
Brodsko-posavska
54%
Dubrovacko-neretvanska
53%
Splitsko-dalmatinska
53%
Primorsko-goranska
50%
Licko-senjska
48%
Sibensko-kninska
48%
Zagrebacka
41%
Osjecko-baranjska
40%
Sisacko-moslavacka
40%
Krapinsko-zagorska
36%
Medimurska
36%
Vukovarsko-srijemska
36%
Bjelovarsko-bilogorska
35%
Karlovacka
35%
Koprivnicko-krizevacka
35%
Pozesko-slavonska
33%
Varazdinska
31%
Viroviticko-podravska
31%
No matching quizzes found
Score Distribution
Percent of People with Each Score
Percentile by Number Answered
Your Score History
You have not taken this quiz